[Event "Palma Bellon Memorial U18"]
[Site "Palma"]
[Date "2017.09.01"]
[Round "1.1"]
[White "Juan Lepp, Jaime Boris"]
[Black "Cisneros Serra, Javier"]
[Result "0-1"]
[WhiteElo "1189"]
[BlackElo "1638"]
[PlyCount "46"]
[EventDate "2017.09.01"]
[EventType "swiss"]
[EventRounds "5"]
[EventCountry "ESP"]
[SourceTitle "EXT 2024"]
[Source "ChessBase"]
[SourceDate "2023.10.10"]
[SourceVersion "1"]
[SourceVersionDate "2023.10.10"]
[SourceQuality "1"]

1. e4 d6 2. d4 Nf6 3. Nc3 g6 4. Bc4 Bg7 5. Nf3 0-0 6. 0-0 Nc6 7. Re1 Bg4 8. Be2 e5 9. d5 Ne7 10. h3 Bxf3 11. Bxf3 Nd7 12. Be3 f5 13. exf5 gxf5 14. Be2 Ng6 15. Bb5 a6 16. Bxd7 Qxd7 17. Qc1 f4 18. Bd2 Nh4 19. f3 Rf6 20. Rf1 Rg6 21. Rf2 Qxh3 22. Kf1 Rxg2 23. Rxg2 Qxg2+ 0-1

[Event "Palma Bellon Memorial U16"]
[Site "Palma"]
[Date "2016.04.30"]
[Round "3.4"]
[White "Cisneros Serra, Javier"]
[Black "Marzo Soto, Adrian"]
[Result "1-0"]
[WhiteElo "1605"]
[BlackElo "1232"]
[PlyCount "21"]
[EventDate "2016.04.29"]
[EventType "swiss"]
[EventRounds "6"]
[EventCountry "ESP"]
[SourceTitle "EXT 2024"]
[Source "ChessBase"]
[SourceDate "2023.10.10"]
[SourceVersion "1"]
[SourceVersionDate "2023.10.10"]
[SourceQuality "1"]

1. e4 Nf6 2. e5 Ng8 3. d4 f6 4. f4 fxe5 5. fxe5 c5 6. Bd3 e6 7. Qh5+ Ke7 8. Bg5+ Nf6 9. exf6+ gxf6 10. Bxf6+ Kxf6 11. Qh4+ 1-0